000 00303nam a22001337a 4500
008 260225b ||||| |||| 00| 0 eng d
020 _a9994371517
041 _ashqip
080 _a2.1
100 _a20.1
101 _aroman
245 _aZonja e Zezë Nexhmije Hoxha
_cFahri Balliu
942 _2udc
_cBK
999 _c60859
_d60859